000 01051nam a2200325 i 4500
001 198249
003 ES-MaACL
005 20260423163828.0
007 ta
008 260421s1964 mx ||||| |||| 001 1aspa d
040 _aES-MaACL
_bspa
_cES-MaACL
_erda
044 _amx
080 _a821.134.2(72)-31"19"
100 1 _4aut
_aO'Neill, Carlota
_eaut
_9243014
245 1 4 _aUna mexicana en la guerra de España /
_cdocumento vivido y escrito por Carlota O'Neill
250 _aPrimera edición, noviembre de 1964
264 1 _aMéxico D.F. :
_bLa Prensa,
_c1964
300 _a223 páginas ;
_c18 cm
336 _2rdacontent
_aTexto
337 _2rdamedia
_asin mediación
338 _2rdacarrier
_avolumen
490 0 _aPopulibros ;
_v61
500 _aRegistro provisional
500 _aÍndice
655 4 _aNovelas autobiográficas
_9175819
852 _aES-MaACL
_cDES
_jDB-130
_hDonación: Miguel Guedán
_xEncuadernación rústica
_9207219
942 _cMONOGRAFIA
_n0
999 _c198249
_d198249